Catálogo de la colección de miniaturas del Museo Nacional de Historia (Record no. 1992)

MARC details
000 -CABECERA
campo de control de longitud fija 01006nam a2200241 a 4500
001 - NÚMERO DE CONTROL
campo de control BRCA_2241
005 - FECHA Y HORA DE LA ÚLTIMA TRANSACCIÓN
campo de control 20190320203728.0
008 - DATOS DE LONGITUD FIJA--INFORMACIÓN GENERAL
campo de control de longitud fija 930721s1988 mx a bc f000 0 spa d
040 ## - FUENTE DE LA CATALOGACIÓN
Centro catalogador/agencia de origen AzTeS
Centro/agencia transcriptor AzTeS
Centro/agencia modificador TxU
050 #4 - SIGNATURA TOPOGRÁFICA DE LA BIBLIOTECA DEL CONGRESO
Número de clasificación ND1335
Número de documento/Ítem .C53 1988
100 1# - ENTRADA PRINCIPAL--NOMBRE DE PERSONA
Nombre de persona Ciancas, María Esther
9 (RLIN) 4126
245 10 - MENCIÓN DE TÍTULO
Título Catálogo de la colección de miniaturas del Museo Nacional de Historia
Mención de responsabilidad, etc. María Esther Ciancas, Bárbara Meyer.
260 ## - PUBLICACIÓN, DISTRIBUCIÓN, ETC.
Lugar de publicación, distribución, etc. México
Nombre del editor, distribuidor, etc. INAH
Fecha de publicación, distribución, etc. 1988
300 ## - DESCRIPCIÓN FÍSICA
Extensión 133 p.
Otras características físicas il. (algunas a color)
Dimensiones 21 cm.
440 #0 - MENCIÓN DE SERIE/PUNTO DE ACCESO ADICIONAL--TÍTULO
Título Colección catálogos de museos
9 (RLIN) 6739
500 ## - NOTA GENERAL
Nota general Inluye índice de los pintores, su obra y facsímiles e índice de personajes
504 ## - NOTA DE BIBLIOGRAFÍA, ETC.
Nota de bibliografía, etc. Bibliografía : p. 131-133
610 24 - PUNTO DE ACCESO ADICIONAL DE MATERIA--NOMBRE DE ENTIDAD CORPORATIVA
Nombre de entidad corporativa o nombre de jurisdicción como elemento de entrada Museo Nacional de Historia (Ciudad de México)
Subdivisión de forma Catálogos
9 (RLIN) 4127
650 14 - PUNTO DE ACCESO ADICIONAL DE MATERIA--TÉRMINO DE MATERIA
Término de materia o nombre geográfico como elemento de entrada Pintura en minitura
Subdivisión de forma Catálogos
Subdivisión cronológica Siglos XVIII y XIX
Subdivisión geográfica México
9 (RLIN) 6740
650 14 - PUNTO DE ACCESO ADICIONAL DE MATERIA--TÉRMINO DE MATERIA
Término de materia o nombre geográfico como elemento de entrada Miniaturas del retrato
Subdivisión de forma Catálogos
Subdivisión cronológica Siglos XVIII y XIX
Subdivisión geográfica México
9 (RLIN) 6741
700 1# - PUNTO DE ACCESO ADICIONAL--NOMBRE DE PERSONA
Nombre de persona Meyer de Stinglhamber, Bárbara
9 (RLIN) 6742
942 ## - ELEMENTOS DE PUNTO DE ACCESO ADICIONAL (KOHA)
Fuente del sistema de clasificación o colocación Library of Congress Classification
Tipo de ítem Koha Libros
Holdings
Estado de retiro Estado de pérdida Estado dañado No para préstamo Localización permanente Ubicación/localización actual Fecha de adquisición Total de préstamos Signatura topográfica completa Código de barras Fecha visto por última vez Precio válido a partir de Tipo de ítem Koha
El ejemplar forma parte de la colección y puede ser consultado según las políticas vigentes.       Biblioteca del Museo Franz Mayer (Rogerio Casas-Alatriste) Biblioteca del Museo Franz Mayer (Rogerio Casas-Alatriste) 14/08/2008   ND1335 .C53 1988 02291 22/03/2019 22/03/2019 Libros